000 00739nam a22002417a 4500
003 UA-OsUOA
001 43836
007 ta
008 20070126b un ||||| |||| 00| 0 ukr d
100 _aКоваль А. П.
090 _a81'373.21()477
_bК56
942 _cBK
040 _aUA-OsUOA
_bukr
_cUA-OsUOA
_dUA-OsUOA
245 _aЗнайомі незнайомці: походження назв поселень України
300 _a304 с.
955 _a1
041 _aukr
080 _a81'373.21()477
020 _a966-06-0183-2
260 _aК.
_bЛибідь
_c2001
650 7 _a8 Мовознавство. Художня література. Літературознавство
_2UDC
999 _c329951
_d329951